[Event "GBR-ch111 Major Open"]
[Site "Liverpool"]
[Date "2025.08.04"]
[Round "3.34"]
[White "Vadalia, Jainill"]
[Black "Nitish, Brunth Sundar"]
[Result "1/2-1/2"]
[WhiteElo "1929"]
[BlackElo "1782"]
[PlyCount "87"]
[EventDate "2025.08.02"]
[EventType "swiss"]
[EventRounds "9"]
[EventCountry "GBR"]
[SourceTitle "BritBase"]
[Source "John Saunders"]
[SourceDate "2025.08.11"]
[SourceVersion "1"]
[SourceVersionDate "2025.08.11"]
[SourceQuality "1"]

1. d4 d5 2. c4 e6 3. Nc3 a6 4. cxd5 exd5 5. Nf3 Nf6 6. Bg5 c6 7. Qc2 Be6 8. e3 h6 9. Bh4 Nbd7 10. Bd3 Bd6 11. a3 a5 12. Bg3 Qb8 13. O-O O-O 14. b4 axb4 15. axb4 Bxg3 16. hxg3 b5 17. Ne2 Rc8 18. Rfc1 Nb6 19. Ne5 Nc4 20. Bxc4 bxc4 21. Rxa8 Qxa8 22. Nc3 Rb8 23. Rb1 Ne8 24. Qa4 Qxa4 25. Nxa4 Rc8 26. Nc5 Bf5 27. e4 Bh7 28. Rc1 f6 29. Ned7 Nc7 30. Ra1 Nb5 31. exd5 cxd5 32. Nb6 Rd8 33. Kf1 c3 34. Nb3 c2 35. Ke1 Rd6 36. Na4 Ra6 37. Kd2 Rc6 38. Nac5 Nd6 39. f3 Rb6 40. Kc3 Nb5+ 41. Kb2 Nd6 42. Kc3 Nb5+ 43. Kb2 Nd6 44. Kc3 1/2-1/2

[Event "GBR-ch111 Major Open"]
[Site "Liverpool"]
[Date "2025.08.04"]
[Round "3.35"]
[White "McCarthy, Damian M"]
[Black "Sedykh, Stakhey"]
[Result "1-0"]
[WhiteElo "1924"]
[BlackElo "1756"]
[PlyCount "119"]
[EventDate "2025.08.02"]
[EventType "swiss"]
[EventRounds "9"]
[EventCountry "GBR"]
[SourceTitle "BritBase"]
[Source "John Saunders"]
[SourceDate "2025.08.11"]
[SourceVersion "1"]
[SourceVersionDate "2025.08.11"]
[SourceQuality "1"]

1. e4 c5 2. Nf3 d6 3. d4 Nf6 4. Nc3 cxd4 5. Nxd4 Nc6 6. Bg5 e6 7. Qd2 Be7 8. f3 h6 9. Be3 O-O 10. O-O-O d5 11. exd5 Nxd5 12. Nxd5 Qxd5 13. Nb3 Qxd2+ 14. Rxd2 Nb4 15. Kb1 Nd5 16. Bc5 Bxc5 17. Nxc5 b6 18. Ne4 a6 19. g3 Bb7 20. Be2 Bc6 21. c4 Ne3 22. Nf2 Rfd8 23. Kc1 Rxd2 24. Kxd2 Nf5 25. Kc3 Rd8 26. Rd1 Rxd1 27. Bxd1 Nd6 28. b4 f6 29. a4 a5 30. bxa5 bxa5 31. Kd4 Nb7 32. f4 Kf7 33. Nd3 Ke7 34. c5 Kd7 35. Bb3 Ke7 36. h4 Kd7 37. Bd1 Ke7 38. Kc4 Kd7 39. Kd4 Ke7 40. g4 Kd7 41. g5 Bd5 42. gxh6 gxh6 43. f5 Nd8 44. Nf4 Bc6 45. Nh5 e5+ 46. Kc4 Ke7 47. Ng3 Nb7 48. Nf1 Nd8 49. Ne3 Nb7 50. Ng4 Nd8 51. Nxh6 Nf7 52. Ng8+ Kd8 53. Nxf6 Nh6 54. Bc2 e4 55. Bxe4 Bxa4 56. Nd5 Bc6 57. f6 Nf7 58. Kd4 a4 59. Nb4 Bb5 60. Bc6 1-0

[Event "GBR-ch111 Major Open"]
[Site "Liverpool"]
[Date "2025.08.04"]
[Round "3.36"]
[White "Shankar, Yashwardhan"]
[Black "Chapman, Luke"]
[Result "1/2-1/2"]
[WhiteElo "1761"]
[BlackElo "1921"]
[PlyCount "57"]
[EventDate "2025.08.02"]
[EventType "swiss"]
[EventRounds "9"]
[EventCountry "GBR"]
[SourceTitle "BritBase"]
[Source "John Saunders"]
[SourceDate "2025.08.11"]
[SourceVersion "1"]
[SourceVersionDate "2025.08.11"]
[SourceQuality "1"]

1. d4 Nf6 2. Bf4 d5 3. e3 c5 4. c3 Nc6 5. Nd2 Qb6 6. Qc2 Nh5 7. Bg3 cxd4 8. exd4 g6 9. Bd3 Bg7 10. Ngf3 O-O 11. O-O Nxg3 12. hxg3 Bd7 13. Rfe1 Rac8 14. Qb3 Qxb3 15. axb3 Rfe8 16. b4 a6 17. Nb3 Rc7 18. Nc5 f6 19. Bc2 e6 20. Re2 Kf7 21. g4 e5 22. Bb3 Be6 23. Nxe6 Kxe6 24. g5 fxg5 25. dxe5 Bxe5 26. Rd1 Kf6 27. Rxd5 Bh2+ 28. Kf1 Rxe2 29. Kxe2 1/2-1/2

[Event "GBR-ch111 Major Open"]
[Site "Liverpool"]
[Date "2025.08.04"]
[Round "3.37"]
[White "Jacobs, Simon"]
[Black "Vaidyanathan, Sathya"]
[Result "1/2-1/2"]
[WhiteElo "1745"]
[BlackElo "1915"]
[PlyCount "125"]
[EventDate "2025.08.02"]
[EventType "swiss"]
[EventRounds "9"]
[EventCountry "GBR"]
[SourceTitle "BritBase"]
[Source "John Saunders"]
[SourceDate "2025.08.11"]
[SourceVersion "1"]
[SourceVersionDate "2025.08.11"]
[SourceQuality "1"]

1. e4 e5 2. Nf3 Nc6 3. Nc3 Nf6 4. d4 exd4 5. Nxd4 Bb4 6. Nxc6 bxc6 7. Bd3 O-O 8. O-O Re8 9. Bg5 Qe7 10. Qf3 Bxc3 11. bxc3 d6 12. Bxf6 Qxf6 13. Qxf6 gxf6 14. Rab1 Be6 15. c4 Rab8 16. f3 Rb6 17. Rb3 Reb8 18. Rfb1 a5 19. Rxb6 cxb6 20. a4 Kf8 21. Kf2 Ke7 22. Ke3 Kd7 23. Kd4 Kc7 24. g4 h5 25. gxh5 Rh8 26. Rf1 Rxh5 27. Rf2 Bd7 28. Kc3 b5 29. cxb5 cxb5 30. axb5 Bxb5 31. Kb3 Bxd3 32. cxd3 Kb6 33. Ka4 Kc5 34. Kxa5 Kd4+ 35. Kb6 Kxd3 36. Kc6 Ke3 37. Ra2 Kxf3 38. Kxd6 Kxe4 39. Ke7 f5 40. Kxf7 f4 41. Kg6 Rh8 42. Ra4+ Ke3 43. Ra3+ Kf2 44. Kg5 f3 45. Kg4 Rg8+ 46. Kf4 Rf8+ 47. Kg4 Kg2 48. h4 f2 49. Ra2 Rg8+ 50. Kf5 Rf8+ 51. Kg6 Rg8+ 52. Kf5 Ra8 53. Rb2 Ra5+ 54. Kg6 Ra6+ 55. Kg5 Kf3 56. Rxf2+ Kxf2 57. h5 Ke3 58. h6 Ke4 59. h7 Ra8 60. Kg6 Ke5 61. Kg7 Ra7+ 62. Kg8 Ra8+ 63. Kg7 1/2-1/2

[Event "GBR-ch111 Major Open"]
[Site "Liverpool"]
[Date "2025.08.04"]
[Round "3.38"]
[White "Dissanayake, Sathsara"]
[Black "Keely, Leo A"]
[Result "1-0"]
[WhiteElo "1733"]
[BlackElo "1906"]
[PlyCount "53"]
[EventDate "2025.08.02"]
[EventType "swiss"]
[EventRounds "9"]
[EventCountry "GBR"]
[SourceTitle "BritBase"]
[Source "John Saunders"]
[SourceDate "2025.08.11"]
[SourceVersion "1"]
[SourceVersionDate "2025.08.11"]
[SourceQuality "1"]

1. e4 e5 2. Nf3 Nf6 3. Nc3 Bb4 4. Nxe5 O-O 5. Be2 Re8 6. Nf3 Nxe4 7. Nxe4 Rxe4 8. c3 Bf8 9. O-O d5 10. d4 Bg4 11. Be3 Qf6 12. Qb3 Qc6 13. h3 Bh5 14. g4 Bg6 15. Ne5 Qd6 16. Qxb7 Nd7 17. Qxa8 Nxe5 18. dxe5 Qxe5 19. Bc5 h5 20. Qxf8+ Kh7 21. Bd4 Rxd4 22. cxd4 Qxe2 23. Qa3 hxg4 24. Rfe1 Qb5 25. hxg4 Qd7 26. Qh3+ Kg8 27. Re3 1-0

[Event "GBR-ch111 Major Open"]
[Site "Liverpool"]
[Date "2025.08.04"]
[Round "3.39"]
[White "Boganadham, Ved Sudeep"]
[Black "Melia, Alfie"]
[Result "0-1"]
[WhiteElo "1731"]
[BlackElo "1904"]
[PlyCount "88"]
[EventDate "2025.08.02"]
[EventType "swiss"]
[EventRounds "9"]
[EventCountry "GBR"]
[SourceTitle "BritBase"]
[Source "John Saunders"]
[SourceDate "2025.08.11"]
[SourceVersion "1"]
[SourceVersionDate "2025.08.11"]
[SourceQuality "1"]

1. e4 c6 2. Nc3 d5 3. Nf3 Bg4 4. Be2 Nf6 5. e5 Nfd7 6. d4 Bxf3 7. Bxf3 e6 8. O-O Be7 9. Re1 O-O 10. Bg4 c5 11. dxc5 Nc6 12. f4 Bxc5+ 13. Kh1 Re8 14. Nxd5 exd5 15. Qxd5 Qh4 16. Qd1 Ndxe5 17. fxe5 Nxe5 18. h3 Nxg4 19. Rxe8+ Rxe8 20. Qxg4 Re1+ 21. Kh2 Bg1+ 22. Kh1 Qxg4 23. hxg4 Be3+ 24. Kh2 Rxc1 25. Rxc1 Bxc1 26. b4 b5 27. g5 Bxg5 28. Kh3 f5 29. g4 f4 30. c3 Kf7 31. a3 Ke6 32. Kg2 Kd5 33. Kf3 a6 34. Kg2 Ke4 35. Kf2 Bh4+ 36. Ke2 f3+ 37. Kf1 g5 38. Kg1 Kd3 39. Kh2 Ke2 40. c4 f2 41. cxb5 f1=B 42. b6 Kf2 43. b7 Bg3+ 44. Kh1 Bg2# 0-1

[Event "GBR-ch111 Major Open"]
[Site "Liverpool"]
[Date "2025.08.04"]
[Round "3.40"]
[White "Banerjee, Sanjoy K"]
[Black "Patton, Zachary"]
[Result "0-1"]
[WhiteElo "1729"]
[BlackElo "1899"]
[PlyCount "64"]
[EventDate "2025.08.02"]
[EventType "swiss"]
[EventRounds "9"]
[EventCountry "GBR"]
[SourceTitle "BritBase"]
[Source "John Saunders"]
[SourceDate "2025.08.11"]
[SourceVersion "1"]
[SourceVersionDate "2025.08.11"]
[SourceQuality "1"]

1. d4 d5 2. c4 e6 3. Nf3 c6 4. e3 Nd7 5. Nc3 f5 6. Qc2 Nh6 7. Bd2 Bd6 8. O-O-O a5 9. h3 O-O 10. Nh2 Qc7 11. f4 a4 12. g4 dxc4 13. Bxc4 Nb6 14. Bd3 Kh8 15. Rdf1 Nd5 16. gxf5 Nb4 17. Qb1 a3 18. b3 exf5 19. Nf3 Be6 20. Bc4 Bd5 21. Rhg1 Rac8 22. Kd1 Qf7 23. Ng5 Qe7 24. e4 fxe4 25. Ncxe4 Nf5 26. Nxd6 Qxd6 27. Re1 c5 28. Bxb4 cxb4 29. Ne6 Bxe6 30. Bxe6 Qxd4+ 31. Ke2 Qe3+ 32. Kf1 Qf3# 0-1

[Event "GBR-ch111 Major Open"]
[Site "Liverpool"]
[Date "2025.08.04"]
[Round "3.41"]
[White "Wilkinson, Daniel"]
[Black "Cann, Arthur"]
[Result "1/2-1/2"]
[WhiteElo "1889"]
[BlackElo "1677"]
[PlyCount "48"]
[EventDate "2025.08.02"]
[EventType "swiss"]
[EventRounds "9"]
[EventCountry "GBR"]
[SourceTitle "BritBase"]
[Source "John Saunders"]
[SourceDate "2025.08.11"]
[SourceVersion "1"]
[SourceVersionDate "2025.08.11"]
[SourceQuality "1"]

1. d4 d5 2. c4 c6 3. Nc3 e6 4. Nf3 Nf6 5. e3 Bd6 6. Bd3 Nbd7 7. O-O O-O 8. e4 dxe4 9. Nxe4 Nxe4 10. Bxe4 h6 11. Bc2 Nf6 12. Qd3 Qc7 13. Be3 b6 14. Rad1 Rd8 15. Qc3 Bb7 16. Ne5 c5 17. b3 Ne4 18. Bxe4 Bxe4 19. f4 Kh7 20. Rd2 f6 21. Nd3 cxd4 22. Bxd4 Kg8 23. Be3 Bxd3 24. Rxd3 Bc5 1/2-1/2

[Event "GBR-ch111 Major Open"]
[Site "Liverpool"]
[Date "2025.08.04"]
[Round "3.42"]
[White "Korsinskij, Nikolas"]
[Black "Keerthi Kumar, Advait"]
[Result "0-1"]
[WhiteElo "1674"]
[BlackElo "1878"]
[PlyCount "82"]
[EventDate "2025.08.02"]
[EventType "swiss"]
[EventRounds "9"]
[EventCountry "GBR"]
[SourceTitle "BritBase"]
[Source "John Saunders"]
[SourceDate "2025.08.11"]
[SourceVersion "1"]
[SourceVersionDate "2025.08.11"]
[SourceQuality "1"]

1. e4 Nf6 2. Nc3 d5 3. exd5 Nxd5 4. Bc4 c6 5. d4 Bf5 6. Bd3 Nxc3 7. bxc3 Bxd3 8. Qxd3 e6 9. Qg3 Nd7 10. Rb1 Nb6 11. Bf4 Rc8 12. Nf3 Qf6 13. Bc7 Nd5 14. Rxb7 Qe7 15. Rb8 Rxb8 16. Bxb8 Nxc3 17. Nd2 Qa3 18. Nb3 Qb4 19. a3 Qc4 20. Qd3 Qxd3 21. cxd3 Bxa3 22. Bxa7 Kd7 23. Bc5 Rb8 24. Bxa3 Rxb3 25. Bc1 Nb5 26. Kd2 Nxd4 27. Rd1 Kd6 28. Ke1 Kd5 29. Be3 Nc2+ 30. Ke2 Nd4+ 31. Kd2 Rb2+ 32. Kc1 Re2 33. Bxd4 Kxd4 34. Rd2 Re1+ 35. Kb2 Rh1 36. h3 Rh2 37. f3 Rh1 38. Rc2 Rg1 39. Rd2 c5 40. Kb3 Ke3 41. Kc2 Ra1 0-1

[Event "GBR-ch111 Major Open"]
[Site "Liverpool"]
[Date "2025.08.04"]
[Round "3.43"]
[White "Lukhi, Neev"]
[Black "Barton, Will"]
[Result "1-0"]
[WhiteElo "1869"]
[BlackElo "1580"]
[PlyCount "55"]
[EventDate "2025.08.02"]
[EventType "swiss"]
[EventRounds "9"]
[EventCountry "GBR"]
[SourceTitle "BritBase"]
[Source "John Saunders"]
[SourceDate "2025.08.11"]
[SourceVersion "1"]
[SourceVersionDate "2025.08.11"]
[SourceQuality "1"]

1. d4 f5 2. Bf4 Nf6 3. e3 e6 4. Nf3 b6 5. h3 Bb7 6. Be2 Be7 7. O-O O-O 8. c4 d6 9. Nc3 Nbd7 10. Ng5 Qc8 11. Nxe6 Re8 12. Nb5 Bd8 13. Nxd8 Qxd8 14. Nc3 Qe7 15. b4 Ne4 16. Nb5 Nf8 17. d5 Ng6 18. Bd3 a6 19. Nd4 Rf8 20. f3 Nxf4 21. exf4 Ng3 22. Re1 Qh4 23. Qd2 g6 24. Ne6 Rf7 25. Qf2 Bc8 26. Kh2 Bxe6 27. dxe6 Qxf4 28. exf7+ 1-0

[Event "GBR-ch111 Major Open"]
[Site "Liverpool"]
[Date "2025.08.04"]
[Round "3.44"]
[White "Byrne, Colin J"]
[Black "Waterfield, Mark B"]
[Result "1-0"]
[WhiteElo "1716"]
[BlackElo "1869"]
[PlyCount "85"]
[EventDate "2025.08.02"]
[EventType "swiss"]
[EventRounds "9"]
[EventCountry "GBR"]
[SourceTitle "BritBase"]
[Source "John Saunders"]
[SourceDate "2025.08.11"]
[SourceVersion "1"]
[SourceVersionDate "2025.08.11"]
[SourceQuality "1"]

1. c4 e5 2. Nc3 Nf6 3. d3 Bb4 4. Nf3 Qe7 5. Bd2 c6 6. g3 d5 7. a3 Ba5 8. b4 Bc7 9. Bg2 O-O 10. O-O h6 11. Qc2 Bg4 12. h3 Bh5 13. Rfe1 Re8 14. g4 Bg6 15. g5 hxg5 16. cxd5 g4 17. Nh4 Bh7 18. Bg5 Qd6 19. e3 Nbd7 20. Rad1 gxh3 21. dxc6 bxc6 22. Bxh3 Nb6 23. Nf5 Bxf5 24. Bxf5 g6 25. Ne4 Nxe4 26. Bxe4 Nd5 27. Rc1 Re6 28. Qxc6 Qd8 29. Bxd8 Rxc6 30. Rxc6 Rxd8 31. Bxd5 Bb6 32. Bc4 Kg7 33. Kg2 f5 34. Rd1 e4 35. d4 g5 36. d5 f4 37. exf4 gxf4 38. Re1 Re8 39. d6 Re5 40. d7 Rg5+ 41. Kh3 e3 42. Rxb6 exf2 43. Rf1 1-0

[Event "GBR-ch111 Major Open"]
[Site "Liverpool"]
[Date "2025.08.04"]
[Round "3.45"]
[White "Van Uytvange, Jonas"]
[Black "Lee, Yuk Hei"]
[Result "0-1"]
[WhiteElo "1566"]
[BlackElo "1868"]
[PlyCount "48"]
[EventDate "2025.08.02"]
[EventType "swiss"]
[EventRounds "9"]
[EventCountry "GBR"]
[SourceTitle "BritBase"]
[Source "John Saunders"]
[SourceDate "2025.08.11"]
[SourceVersion "1"]
[SourceVersionDate "2025.08.11"]
[SourceQuality "1"]

1. e4 c5 2. Nf3 e6 3. Nc3 a6 4. d4 cxd4 5. Nxd4 Nc6 6. Be3 Bb4 7. a3 Bxc3+ 8. bxc3 Nf6 9. Bd3 d5 10. exd5 Nxd5 11. Bd2 Qf6 12. O-O O-O 13. Nxc6 bxc6 14. c4 Ne7 15. Rb1 e5 16. Bc3 Bf5 17. Re1 Ng6 18. Bxf5 Qxf5 19. Rb6 Qe6 20. Qe2 f6 21. c5 Qc8 22. Qc4+ Kh8 23. Rd1 Nf4 24. Qa4 Qg4 0-1

[Event "GBR-ch111 Major Open"]
[Site "Liverpool"]
[Date "2025.08.04"]
[Round "3.47"]
[White "Freeman, Luke"]
[Black "Saxena, Samidh"]
[Result "1-0"]
[WhiteElo "1963"]
[BlackElo "1445"]
[PlyCount "81"]
[EventDate "2025.08.02"]
[EventType "swiss"]
[EventRounds "9"]
[EventCountry "GBR"]
[SourceTitle "BritBase"]
[Source "John Saunders"]
[SourceDate "2025.08.11"]
[SourceVersion "1"]
[SourceVersionDate "2025.08.11"]
[SourceQuality "1"]

1. e4 e6 2. d4 d5 3. Nd2 dxe4 4. Nxe4 Nd7 5. Nf3 Ngf6 6. Nxf6+ Nxf6 7. Bd3 h6 8. O-O Bd6 9. c4 c5 10. dxc5 Bxc5 11. b3 O-O 12. Bb2 b6 13. Qc2 Bb7 14. Rad1 Qe7 15. Nd2 Rfd8 16. Ne4 Nxe4 17. Bxe4 Bxe4 18. Qxe4 Rxd1 19. Rxd1 Rd8 20. Rxd8+ Qxd8 21. Qg4 g6 22. Qe2 Bd4 23. Qd2 Bf6 24. Qxd8+ Bxd8 25. Kf1 Kf8 26. Ke2 Bc7 27. Bc1 h5 28. Kf3 Ke7 29. Ba3+ Bd6 30. Bxd6+ Kxd6 31. b4 Ke5 32. Ke3 g5 33. f3 f5 34. g3 f4+ 35. gxf4+ gxf4+ 36. Kd3 b5 37. cxb5 Kd5 38. a4 h4 39. h3 e5 40. a5 Kd6 41. Ke4 1-0

[Event "GBR-ch111 Major Open"]
[Site "Liverpool"]
[Date "2025.08.04"]
[Round "3.48"]
[White "Keen, Maya"]
[Black "Mokhber-Garcia, Sebastian"]
[Result "1-0"]
[WhiteElo "1805"]
[BlackElo "1962"]
[PlyCount "59"]
[EventDate "2025.08.02"]
[EventType "swiss"]
[EventRounds "9"]
[EventCountry "GBR"]
[SourceTitle "BritBase"]
[Source "John Saunders"]
[SourceDate "2025.08.11"]
[SourceVersion "1"]
[SourceVersionDate "2025.08.11"]
[SourceQuality "1"]

1. d4 Nf6 2. c4 e6 3. Nf3 d5 4. g3 Be7 5. Bg2 O-O 6. O-O c6 7. Qc2 b6 8. Nbd2 Nbd7 9. e4 dxc4 10. Nxc4 c5 11. Rd1 Bb7 12. e5 Nd5 13. Qe4 Qc7 14. Qg4 Kh8 15. Bg5 cxd4 16. Bxe7 Nxe7 17. Rxd4 Nf5 18. Rd2 Bd5 19. Rad1 Rac8 20. Rxd5 exd5 21. Qxf5 Qxc4 22. Qxd7 Rc7 23. Qxd5 Qxd5 24. Rxd5 Rc2 25. Rd7 a5 26. Ng5 Rc1+ 27. Bf1 h6 28. Nxf7+ Kg8 29. Nd6 Re1 30. e6 1-0

[Event "GBR-ch111 Major Open"]
[Site "Liverpool"]
[Date "2025.08.04"]
[Round "3.49"]
[White "Parikh, Naavya"]
[Black "Ashworth, Robert M"]
[Result "0-1"]
[WhiteElo "1800"]
[BlackElo "1951"]
[PlyCount "142"]
[EventDate "2025.08.02"]
[EventType "swiss"]
[EventRounds "9"]
[EventCountry "GBR"]
[SourceTitle "BritBase"]
[Source "John Saunders"]
[SourceDate "2025.08.11"]
[SourceVersion "1"]
[SourceVersionDate "2025.08.11"]
[SourceQuality "1"]

1. e4 e5 2. Nf3 Nc6 3. Bc4 Bc5 4. c3 Nf6 5. d3 d6 6. Be3 Bxe3 7. fxe3 O-O 8. O-O Na5 9. Bb5 a6 10. Ba4 b5 11. Bc2 Re8 12. Qe1 d5 13. exd5 Nxd5 14. a4 c5 15. axb5 c4 16. e4 cxd3 17. Bxd3 Nf4 18. Be2 Qb6+ 19. Kh1 Nxe2 20. Qxe2 Bd7 21. Qf2 Qxb5 22. Nxe5 Be6 23. Nf3 Nb3 24. Ra3 Rad8 25. Nd4 Nxd4 26. cxd4 Rxd4 27. Nc3 Qc4 28. Ra4 Rd2 29. Rxc4 Rxf2 30. Rxf2 Bxc4 31. g4 h6 32. Rd2 Rb8 33. Kg2 Kf8 34. Kf3 Ke7 35. Nd1 Rb3+ 36. Ne3 Be6 37. h4 Bxg4+ 38. Kf4 Be6 39. Nf5+ Bxf5 40. Kxf5 Rb5+ 41. Kf4 Ke6 42. Rc2 Rb6 43. Rc5 f6 44. h5 Rxb2 45. Rc6+ Kf7 46. Rxa6 Rb5 47. Ra7+ Kg8 48. Ra8+ Kh7 49. Kg4 Rg5+ 50. Kh4 Re5 51. Ra4 Re7 52. Kg4 g6 53. hxg6+ Kxg6 54. Kf4 h5 55. Ra5 h4 56. Ra3 Re5 57. Rh3 Kh5 58. Rh1 Rg5 59. Rh3 Rg1 60. Kf3 Kg5 61. Kf2 Kg4 62. Rxh4+ Kxh4 63. Kxg1 Kg3 64. Kf1 Kf3 65. Ke1 Kxe4 66. Kf2 Kf4 67. Ke2 Kg3 68. Ke1 f5 69. Kf1 Kf3 70. Ke1 Kg2 71. Ke2 f4 0-1

[Event "GBR-ch111 Major Open"]
[Site "Liverpool"]
[Date "2025.08.04"]
[Round "3.50"]
[White "Sugden, John N"]
[Black "Eldridge, Albert"]
[Result "1-0"]
[WhiteElo "1920"]
[BlackElo "1792"]
[PlyCount "185"]
[EventDate "2025.08.02"]
[EventType "swiss"]
[EventRounds "9"]
[EventCountry "GBR"]
[SourceTitle "BritBase"]
[Source "John Saunders"]
[SourceDate "2025.08.11"]
[SourceVersion "1"]
[SourceVersionDate "2025.08.11"]
[SourceQuality "1"]

1. e4 c5 2. Nf3 d6 3. Nc3 Nc6 4. d4 cxd4 5. Nxd4 Nf6 6. Be2 e5 7. Nb3 h6 8. O-O Be6 9. Be3 d5 10. exd5 Nxd5 11. Nxd5 Bxd5 12. c4 Be6 13. Nc5 Bxc5 14. Bxc5 Qa5 15. b4 Qd8 16. Qa4 Bd7 17. Qa3 b6 18. b5 bxc5 19. bxc6 Bxc6 20. Qxc5 Qc7 21. Bf3 Rc8 22. Bxc6+ Qxc6 23. Qxe5+ Kf8 24. Rac1 h5 25. Rc3 h4 26. Rfc1 Rh6 27. Qb5 Qc5 28. Qxc5+ Rxc5 29. f3 Rd6 30. R1c2 Ke7 31. Kf2 Kf6 32. Ke2 Rd4 33. g3 hxg3 34. hxg3 Re5+ 35. Re3 Ra5 36. Rec3 Re5+ 37. Kf2 Rc5 38. Ke3 Rd6 39. Rd3 Re6+ 40. Kd4 Rec6 41. Ra3 a5 42. Rb3 Ke6 43. a4 Re5 44. f4 Rd6+ 45. Kc3 Re3+ 46. Kb2 Rxb3+ 47. Kxb3 Rb6+ 48. Kc3 Rb4 49. Kd4 Kd6 50. Rh2 Rb3 51. Rh5 Rxg3 52. Rxa5 Rf3 53. Ra6+ Kd7 54. Ke5 Re3+ 55. Kd5 Rf3 56. Ra7+ Ke8 57. Kd6 Rd3+ 58. Kc6 Rd4 59. c5 Rxf4 60. Kc7 Rb4 61. c6 Ke7 62. Ra5 f6 63. Ra6 g5 64. a5 Rb5 65. Ra8 g4 66. a6 g3 67. Rg8 Rg5 68. Rxg5 fxg5 69. a7 g2 70. a8=Q g1=Q 71. Qd8+ Kf7 72. Qd7+ Kf6 73. Kd8 Qc5 74. c7 Qf8+ 75. Qe8 Qd6+ 76. Kc8 Qb6 77. Qe4 Qa6+ 78. Kd7 Qa7 79. Kd8 Qb6 80. Kd7 Qa7 81. Qc6+ Kf5 82. Kd8 Qa5 83. Qd7+ Kf4 84. Qd6+ Kf3 85. Ke7 Qa7 86. Kf8 Qa8+ 87. Kg7 Qa1+ 88. Qf6+ Qxf6+ 89. Kxf6 g4 90. c8=Q g3 91. Qf5+ Ke2 92. Qg4+ Kf2 93. Qf4+ 1-0

[Event "GBR-ch111 Major Open"]
[Site "Liverpool"]
[Date "2025.08.04"]
[Round "3.51"]
[White "Hughes, Padraig"]
[Black "Buffard, Julien"]
[Result "1-0"]
[WhiteElo "1877"]
[BlackElo "1732"]
[PlyCount "57"]
[EventDate "2025.08.02"]
[EventType "swiss"]
[EventRounds "9"]
[EventCountry "GBR"]
[SourceTitle "BritBase"]
[Source "John Saunders"]
[SourceDate "2025.08.11"]
[SourceVersion "1"]
[SourceVersionDate "2025.08.11"]
[SourceQuality "1"]

1. e4 c5 2. Nf3 e6 3. c4 d5 4. exd5 exd5 5. cxd5 Nf6 6. Bb5+ Bd7 7. Bxd7+ Qxd7 8. O-O Be7 9. Nc3 Nxd5 10. Qb3 Nb4 11. a3 N4c6 12. d3 O-O 13. Bf4 b6 14. Nb5 Na5 15. Qa4 Na6 16. Ne5 Qf5 17. Bg3 Bf6 18. Nc4 Nxc4 19. dxc4 Bxb2 20. Rab1 Bxa3 21. Qxa6 Bb4 22. Bd6 Rfd8 23. Rbd1 Rd7 24. Nc7 Rad8 25. Nd5 Qe6 26. Bc7 Re8 27. Qxa7 Qc6 28. Qxb6 Qa4 29. Qb5 1-0

[Event "GBR-ch111 Major Open"]
[Site "Liverpool"]
[Date "2025.08.04"]
[Round "3.52"]
[White "Bennett, Max"]
[Black "Chantrell, Paul"]
[Result "1-0"]
[WhiteElo "1852"]
[BlackElo "1768"]
[PlyCount "39"]
[EventDate "2025.08.02"]
[EventType "swiss"]
[EventRounds "9"]
[EventCountry "GBR"]
[SourceTitle "BritBase"]
[Source "John Saunders"]
[SourceDate "2025.08.11"]
[SourceVersion "1"]
[SourceVersionDate "2025.08.11"]
[SourceQuality "1"]

1. c4 e5 2. Nc3 Nc6 3. Nf3 f5 4. g3 Nf6 5. d4 e4 6. Nh4 g6 7. Bg5 Bg7 8. Ng2 O-O 9. Nf4 Ne7 10. Qb3 c6 11. c5+ Kh8 12. h4 h6 13. e3 hxg5 14. hxg5+ Nh7 15. Bc4 b5 16. Bf7 d5 17. cxd6 Qxd6 18. O-O-O a5 19. Rh2 a4 20. Rdh1 1-0

[Event "GBR-ch111 Major Open"]
[Site "Liverpool"]
[Date "2025.08.04"]
[Round "3.53"]
[White "Woozeer, Seth"]
[Black "Mulukutla, Ayaansh"]
[Result "1/2-1/2"]
[WhiteElo "1780"]
[BlackElo "1852"]
[PlyCount "80"]
[EventDate "2025.08.02"]
[EventType "swiss"]
[EventRounds "9"]
[EventCountry "GBR"]
[SourceTitle "BritBase"]
[Source "John Saunders"]
[SourceDate "2025.08.11"]
[SourceVersion "1"]
[SourceVersionDate "2025.08.11"]
[SourceQuality "1"]

1. e4 c5 2. Nf3 e6 3. d4 cxd4 4. Nxd4 Nf6 5. Nc3 Nc6 6. Nxc6 bxc6 7. e5 Nd5 8. Ne4 Qc7 9. f4 Qb6 10. a3 Ne3 11. Qd3 Nxf1 12. Rxf1 Ba6 13. c4 Qa5+ 14. Bd2 Qd5 15. Qxd5 cxd5 16. Nd6+ Bxd6 17. exd6 dxc4 18. Rf3 O-O 19. g3 Rfb8 20. Bc3 Bb7 21. Rf2 a5 22. f5 Bd5 23. f6 g6 24. Be5 Rb3 25. Rc1 Rab8 26. Kf1 Be4 27. Kg1 Bd3 28. Re1 R3b5 29. Rf3 Rd5 30. Rfe3 Rbb5 31. Kf2 Kf8 32. Kg1 Ke8 33. Kf2 Kd8 34. Kg1 Kc8 35. Kf2 Kb7 36. Kf3 Ka7 37. Kf4 Kb7 38. Kf3 Ka6 39. Kf4 Kb7 40. Kf3 Ka6 1/2-1/2

[Event "GBR-ch111 Major Open"]
[Site "Liverpool"]
[Date "2025.08.04"]
[Round "3.54"]
[White "Clerc, Oceane"]
[Black "Shah, Samuel"]
[Result "1-0"]
[WhiteElo "1844"]
[BlackElo "1693"]
[PlyCount "61"]
[EventDate "2025.08.02"]
[EventType "swiss"]
[EventRounds "9"]
[EventCountry "GBR"]
[SourceTitle "BritBase"]
[Source "John Saunders"]
[SourceDate "2025.08.11"]
[SourceVersion "1"]
[SourceVersionDate "2025.08.11"]
[SourceQuality "1"]

1. e4 e5 2. Nf3 Nc6 3. Bc4 Bc5 4. c3 Nf6 5. d4 exd4 6. e5 d5 7. Bb5 Ne4 8. cxd4 Bb4+ 9. Bd2 Nxd2 10. Nbxd2 Bg4 11. Qa4 Bd7 12. O-O Bxd2 13. Nxd2 O-O 14. Nb3 a6 15. Bxc6 Bxc6 16. Qb4 b6 17. Rac1 Bb7 18. Qc3 Rc8 19. f4 Re8 20. Qg3 Qe7 21. f5 g6 22. Rc3 c5 23. f6 Qf8 24. Qh4 h6 25. Rh3 cxd4 26. Qxd4 Re6 27. Qe3 Rc2 28. Nd4 Rec6 29. Rxh6 Rxg2+ 30. Kxg2 Rc2+ 31. Kh1 1-0

[Event "GBR-ch111 Major Open"]
[Site "Liverpool"]
[Date "2025.08.04"]
[Round "3.55"]
[White "Pyun, Lindsay"]
[Black "Munshi, Aryan"]
[Result "1/2-1/2"]
[WhiteElo "1762"]
[BlackElo "1841"]
[PlyCount "32"]
[EventDate "2025.08.02"]
[EventType "swiss"]
[EventRounds "9"]
[EventCountry "GBR"]
[SourceTitle "BritBase"]
[Source "John Saunders"]
[SourceDate "2025.08.11"]
[SourceVersion "1"]
[SourceVersionDate "2025.08.11"]
[SourceQuality "1"]

1. e4 e5 2. Nf3 Nc6 3. Bc4 Nf6 4. d3 Be7 5. c3 O-O 6. O-O d5 7. exd5 Nxd5 8. Nbd2 Nb6 9. Bb5 f6 10. Nc4 Nxc4 11. Bxc4+ Kh8 12. h3 Na5 13. Bb5 Qd5 14. Ba4 b5 15. Bc2 f5 16. Qe2 Bf6 1/2-1/2